| 000 | 00757nam a2200277Ia 4500 | ||
|---|---|---|---|
| 003 | SMC | ||
| 005 | 20160624165323.0 | ||
| 008 | 160216s9999 xx 000 0 und d | ||
| 020 | _a971-08-5602-2 | ||
| 050 | _aFIL AZ 151 | ||
| 050 | _b.E88 2010 | ||
| 100 | _aEstolas, Josefina V. | ||
| 245 |
_aIntroduction to humanities : _barts for fine living / |
||
| 245 | _cJosefina V. Estolas, Clarita G. Javier, Nieves Pada - Payno. | ||
| 260 | _aMandaluyong : | ||
| 260 | _bNational Book Store, | ||
| 260 | _c2010 | ||
| 300 | _a270 pages : | ||
| 300 | _bill. ; | ||
| 300 | _c22 cm. | ||
| 500 | _aIncludes bibliographical references. | ||
| 650 | _aHumanities -- | ||
| 650 | _aPhilippines. | ||
| 650 | _xStudy and teaching. | ||
| 942 |
_2lcc _cBK |
||
| 999 |
_c290915 _d290915 |
||